Room to swing a cat? (Record no. 120845)
[ view plain ]
| 000 -LEADER | |
|---|---|
| fixed length control field | 00947cad a22002415a 4500 |
| 001 - CONTROL NUMBER | |
| control field | L149703 |
| 008 - FIXED-LENGTH DATA ELEMENTS--GENERAL INFORMATION | |
| fixed length control field | 100413u2010 xxk g 000 0 eng d |
| 035 ## - SYSTEM CONTROL NUMBER | |
| System control number | (Sirsi) u149703 |
| 041 0# - LANGUAGE CODE | |
| Language code of text/sound track or separate title | eng |
| 050 ## - LIBRARY OF CONGRESS CALL NUMBER | |
| Classification number | 720 $2 18 |
| 100 ## - MAIN ENTRY--PERSONAL NAME | |
| Personal name | Drury, Andrew |
| 110 2# - MAIN ENTRY--CORPORATE NAME | |
| Corporate name or jurisdiction name as entry element | Homes and Communities Agency Limited |
| 9 (RLIN) | 5838 |
| 245 00 - TITLE STATEMENT | |
| Title | Room to swing a cat? |
| Remainder of title | the amount and use of space in new dwellings in London & the South East |
| Medium | [electronic resource] |
| 260 ## - PUBLICATION, DISTRIBUTION, ETC. | |
| Place of publication, distribution, etc. | Ilkley |
| Name of publisher, distributor, etc. | HATC |
| Date of publication, distribution, etc. | 2010 |
| 520 ## - SUMMARY, ETC. | |
| Summary, etc. | Research finds over 8 out of 10 private homes built in south east England are not meeting HATC's draft space standards; based on a detailed survey of 100 homes across 6 housing types. |
| 590 ## - LOCAL NOTE (RLIN) | |
| Local note | KA, NTK |
| 651 #4 - SUBJECT ADDED ENTRY--GEOGRAPHIC NAME | |
| Geographic name | South East (England) |
| 651 #4 - SUBJECT ADDED ENTRY--GEOGRAPHIC NAME | |
| Geographic name | London |
| 690 ## - LOCAL SUBJECT ADDED ENTRY--TOPICAL TERM (OCLC, RLIN) | |
| Topical term or geographic name as entry element | BUILT ENVIRONMENT |
| 700 1# - ADDED ENTRY--PERSONAL NAME | |
| Personal name | Somers, Eleanor |
| 856 40 - ELECTRONIC LOCATION AND ACCESS | |
| Uniform Resource Identifier | <a href="https://www.hatc.co.uk/room_to_swing_a_cat.pdf##">https://www.hatc.co.uk/room_to_swing_a_cat.pdf##</a> |
| Public note | View the item free of charge at www.hatc.co.uk |
| 942 ## - ADDED ENTRY ELEMENTS (KOHA) | |
| Suppress in OPAC | 0 |
| Withdrawn status | Lost status | Source of classification or shelving scheme | Damaged status | Not for loan | Home library | Current library | Shelving location | Date acquired | Total Checkouts | Full call number | Barcode | Date last seen | Copy number | Price effective from | Koha item type |
|---|---|---|---|---|---|---|---|---|---|---|---|---|---|---|---|
| Dewey Decimal Classification | Virtual | Virtual | Online | 13/04/2010 | ONLINE PUBLICATION | L149703 | 06/08/2019 | 1 | 06/08/2019 | Book |